00623nam a22001577a 4500003000900000008004100009040007100050082002800121100002400149245003300173260004200206300002800248440004500276505012200321650002200443AR-CdUCM190404b ||||| |||| 00| 0 spa d aMUNICIPALIDAD PROVINCIAL DEL CUSCOcBIBLIOTECA MUNICIPAL DEL CUSCO 22ed.a637 /bM97 / 1945 aMurtagh, Ricardo V. aLa explotación del tambo / aBuenos Aires :bSudamericana, c1945. a205 páginas ;c18 cm. aEnciclopedia agropecuaria argentina ;n6 aContenido: Corrales -- utensilios -- Personal del tambo -- Ordeño -- La vaca lechera -- Explotación del tambo ... aIndustria lechera